| 000 | 02291cam a22005894a 4500 | ||
|---|---|---|---|
| 001 | muse77605 | ||
| 003 | MdBmJHUP | ||
| 005 | 20210127151339.0 | ||
| 006 | m o d | ||
| 007 | cr||||||||nn|n | ||
| 008 | 190315s1979 mx o 00 0 spa d | ||
| 020 | _a9786076285459 | ||
| 020 | _z6076285451 | ||
| 035 | _a(OCoLC)1089931607 | ||
| 040 |
_aMdBmJHUP _cMdBmJHUP |
||
| 043 |
_ae-fr--- _an-mx--- |
||
| 050 | 4 |
_aPN5184.F67 _bM68 1979eb |
|
| 082 | 0 |
_a074 _222 |
|
| 245 | 0 | 3 |
_aEl movimiento estudiantil mexicano en la prensa francesa _cintrod., compilación y traducción de Carlos Arriola. |
| 250 | _aFirst edition. | ||
| 264 | 1 | _bEl Colegio de mexico, | |
| 264 | 3 | _bProject MUSE, | |
| 300 | _a1 online resource (1 online resource 191 pages) | ||
| 490 | 0 |
_aJornadas - El Colegio de Mexico ; _v88 |
|
| 506 | 0 |
_aOpen Access _fUnrestricted online access _2star |
|
| 588 | 0 | _aDescription based on print version record. | |
| 650 | 0 |
_aEDUCATION / Student Life & Student Affairs _2bisacsh |
|
| 650 | 0 |
_aStudent movements _xPublic opinion. _2fast _0(OCoLC)fst01135961 |
|
| 650 | 0 |
_aPublic opinion. _2fast _0(OCoLC)fst01082785 |
|
| 650 | 0 |
_aFrench newspapers. _2fast _0(OCoLC)fst00934758 |
|
| 650 | 0 |
_aForeign news. _2fast _0(OCoLC)fst00931863 |
|
| 650 | 0 |
_aForeign news _zFrance. |
|
| 650 | 0 |
_aPublic opinion _zFrance. |
|
| 650 | 0 |
_aStudent movements _zMexico _xPublic opinion. |
|
| 650 | 0 |
_aFrench newspapers _xHistory. |
|
| 651 | 0 |
_aMexico. _2fast _0(OCoLC)fst01211700 |
|
| 651 | 0 |
_aFrance. _2fast _0(OCoLC)fst01204289 |
|
| 655 | 0 |
_aHistory. _2fast _0(OCoLC)fst01411628 |
|
| 655 | 0 | _aElectronic books. | |
| 655 | 7 |
_aElectronic books. _2local |
|
| 700 | 1 | _aArriola, Carlos. | |
| 710 | 2 |
_aProject Muse. _e distributor |
|
| 776 | 1 | 8 |
_iPrint version: _tMovimiento estudiantil mexicano en la prensa francesa. _b1. edition. _dMexico : El Colegio de mexico, 1979 _w(DLC) 79109147 _w(OCoLC)5679163 |
| 710 | 2 |
_aProject Muse. _edistributor |
|
| 830 | 0 |
_aJornadas ; _v88. |
|
| 830 | 0 | _aBook collections on Project MUSE. | |
| 856 | 4 | 0 |
_zFull text available: _uhttps://muse.jhu.edu/book/67432/ |
| 999 |
_c25482 _d25482 |
||